00787nam a2200217 a 450000100060000000300090000600800410001502000150005604000280007108200160009910000270011524500800014226000430022230000110026559000490027665000350032565000290036094200120038999900170040195201510041818017CO-ViMGA141112s2004 ck r 000 u spa d a8449305039 aCO-ViMGAbspacCO-ViMGA04a323.2 R153r1 aRandle, Michael92554210aResistencia civil . La ciudadania ante las arbitrariedades de los gobiernos aBarcelona (España), cPaidos, c1998 a262.p. aForma de adquisición : Premio - Mincultura14aRESISTENCIA AL GOBIERNO92554314aRESISTENCIA CIVIL925544 2ddccBK c27395d27395 00102ddc40708002aMEVIECARbMEVIECARd2015-12-04hVolumen. 1 | 11/jun/2009l0o323.2 R153r p18017r2015-12-04 00:00:00tEj. 1w2015-12-04yBK